[Event "Biel MTO op 42nd"]
[Site "Biel"]
[Date "2009.07.24"]
[Round "5"]
[White "Abdul, Majeed Mohamad"]
[Black "Hauchard, Arnaud"]
[Result "0-1"]
[WhiteElo "2257"]
[BlackElo "2528"]
[PlyCount "82"]
[EventDate "2009.07.20"]
[EventType "swiss"]
[EventRounds "11"]
[EventCountry "SUI"]
[SourceTitle "CBM 131 Extra"]
[Source "ChessBase"]
[SourceDate "2009.09.03"]
[SourceVersion "2"]
[SourceVersionDate "2009.09.16"]
[SourceQuality "1"]

1. e4 c5 2. Ne2 d6 3. g3 Nc6 4. Bg2 g6 5. c3 h5 6. h4 Bh6 7. d4 Qb6 8. dxc5 Qxc5 9. 0-0 Bxc1 10. Qxc1 Nf6 11. Nf4 Ne5 12. Nd2 Bg4 13. Qc2 0-0 14. Rae1 Rac8 15. Nd3 Nxd3 16. Qxd3 Be6 17. a3 Ng4 18. Rc1 Ne5 19. Qc2 Qb6 20. Nf3 Nc4 21. Nd4 Bd7 22. Rb1 e5 23. Nf3 f5 24. Nd2 Nxd2 25. Qxd2 f4 26. Kh2 Rf6 27. Bh3 Bxh3 28. Kxh3 Rcf8 29. Rg1 fxg3 30. Rxg3 Kh7 31. Rf1 Rf4 32. f3 Qd8 33. Kg2 Rxh4 34. Rd1 Rf6 35. Qg5 Rhf4 36. Qxe5 h4 37. Rg4 Rxg4+ 38. fxg4 Rf2+ 39. Kh3 Rf3+ 40. Kg2 Rg3+ 41. Kh2 Qf8 0-1

[Event "Biel MTO op 41st"]
[Site "Biel"]
[Date "2008.07.24"]
[Round "4"]
[White "Ulybin, Mikhail"]
[Black "Abdul, Majeed Mohamad"]
[Result "1-0"]
[WhiteElo "2520"]
[BlackElo "2281"]
[PlyCount "97"]
[EventDate "2008.07.21"]
[EventType "swiss"]
[EventRounds "11"]
[EventCountry "SUI"]
[SourceTitle "CBM 125 Extra"]
[Source "ChessBase"]
[SourceDate "2008.09.01"]
[SourceVersion "1"]
[SourceVersionDate "2008.09.01"]
[SourceQuality "1"]

1. e4 e6 2. d4 d5 3. exd5 exd5 4. Nf3 Nf6 5. Bg5 h6 6. Bh4 Bf5 7. Qe2+ Qe7 8. Bxf6 gxf6 9. Nc3 Qxe2+ 10. Bxe2 Be6 11. Nh4 Nc6 12. Bb5 Kd7 13. 0-0-0 Bd6 14. g3 a6 15. Be2 Ne7 16. f4 c6 17. Bd3 Kc7 18. Rd2 Rhg8 19. Re1 Rg4 20. Rf2 b6 21. Nd1 Rgg8 22. Ne3 h5 23. c3 b5 24. Rfe2 Rae8 25. Kc2 a5 26. Nef5 Nxf5 27. Bxf5 Kd7 28. Re3 b4 29. R1e2 a4 30. cxb4 Bxb4 31. a3 Ba5 32. Bd3 Kc7 33. f5 Bd7 34. Rxe8 Bxe8 35. Re7+ Kd6 36. Ra7 Bb6 37. Rxa4 Rg4 38. Nf3 c5 39. dxc5+ Bxc5 40. Ra6+ Ke7 41. b4 Bd6 42. Ra7+ Kf8 43. Kb3 d4 44. b5 Bxg3 45. hxg3 Rxg3 46. b6 Bc6 47. b7 Bxb7 48. Rxb7 Rxf3 49. Kc4 1-0

[Event "Biel MTO op 41st"]
[Site "Biel"]
[Date "2008.07.23"]
[Round "3"]
[White "Abdul, Majeed Mohamad"]
[Black "Klauser, Markus"]
[Result "1/2-1/2"]
[WhiteElo "2281"]
[BlackElo "2394"]
[PlyCount "123"]
[EventDate "2008.07.21"]
[EventType "swiss"]
[EventRounds "11"]
[EventCountry "SUI"]
[SourceTitle "CBM 125 Extra"]
[Source "ChessBase"]
[SourceDate "2008.09.01"]
[SourceVersion "1"]
[SourceVersionDate "2008.09.01"]
[SourceQuality "1"]

1. e4 e5 2. Nf3 Nc6 3. Bb5 a6 4. Ba4 Nf6 5. d3 d6 6. c3 g6 7. 0-0 Bg7 8. Re1 0-0 9. h3 h6 10. Nbd2 Nh5 11. Nf1 Bd7 12. d4 b5 13. Bb3 Na5 14. Bc2 Nc4 15. b3 Nb6 16. Be3 Qe7 17. Qd2 Kh7 18. Rad1 Bc6 19. N1h2 Nd7 20. Ng4 Ndf6 21. Nfh2 Ng8 22. Nf1 Nhf6 23. Nxf6+ Bxf6 24. f4 exf4 25. Bxf4 Bg5 26. Ng3 Bxf4 27. Qxf4 Qg5 28. Qxg5 hxg5 29. d5 Bd7 30. e5 dxe5 31. Rxe5 f6 32. Re3 Rfe8 33. Rde1 Rxe3 34. Rxe3 f5 35. Ne2 Kg7 36. c4 bxc4 37. bxc4 Kf6 38. Nc3 Re8 39. Rd3 Re1+ 40. Kf2 Rc1 41. Bb3 Ke7 42. Ne2 Rb1 43. c5 Nf6 44. Nc3 Rb2+ 45. Kf3 g4+ 46. hxg4 Nxg4 47. d6+ cxd6 48. Rxd6 Rf2+ 49. Kg3 f4+ 50. Kh4 Ne3 51. Kg5 a5 52. Rd4 Bc6 53. Rxf4 Rxg2+ 54. Kh6 Nf5+ 55. Kh7 Kf6 56. Kg8 Rd2 57. Rf1 Rd8+ 58. Kh7 Rd7+ 59. Kh8 Kg5 60. Kg8 Rg7+ 61. Kh8 Re7 62. Kg8 1/2-1/2

[Event "Fujairah President Cup"]
[Site "Fujairah"]
[Date "2007.12.27"]
[Round "2"]
[White "Mohamed, Moussa"]
[Black "Abdul, Majeed Mohamad"]
[Result "0-1"]
[WhiteElo "1971"]
[BlackElo "2268"]
[PlyCount "70"]
[EventDate "2007.12.26"]
[EventType "swiss"]
[EventRounds "9"]
[EventCountry "UAE"]
[SourceTitle "CBM 122 Extra"]
[Source "ChessBase"]
[SourceDate "2008.03.04"]
[SourceVersion "1"]
[SourceVersionDate "2008.03.04"]
[SourceQuality "1"]

1. e4 e6 2. d4 d5 3. Nc3 Nf6 4. Bg5 dxe4 5. Nxe4 Be7 6. Bxf6 Bxf6 7. Nf3 Nd7 8. Qd2 0-0 9. 0-0-0 b6 10. Bd3 Bb7 11. h4 Be7 12. Rh3 c5 13. dxc5 Qc7 14. Rg3 Kh8 15. Neg5 Nf6 16. Re1 Bxf3 17. Rxf3 Qxc5 18. Rxf6 Bxf6 19. Nxh7 Qd4 20. Nxf6 Qxf6 21. g4 Rad8 22. Rh1 Qf3 23. Qe1 Qxg4 24. Rg1 Qf4+ 25. Kb1 Rd5 26. a3 Rfd8 27. Qc3 e5 28. Rg5 Kg8 29. f3 Qxh4 30. Rxe5 Rxe5 31. Qxe5 Qh1+ 32. Ka2 Qxf3 33. Be4 Qf6 34. Qc7 Qd6 35. Qb7 Qd7 0-1

[Event "Asia Cities-ch 15th"]
[Site "Tehran"]
[Date "2007.03.05"]
[Round "6.6"]
[White "Hamad, Ahmad"]
[Black "Abdul, Majeed Mohamad"]
[Result "1-0"]
[WhiteElo "2282"]
[BlackElo "2270"]
[PlyCount "113"]
[EventDate "2007.03.02"]
[EventType "team-swiss"]
[EventRounds "9"]
[EventCountry "IRI"]
[SourceTitle "EXT 2020"]
[Source "ChessBase"]
[SourceDate "2019.10.17"]
[SourceVersion "1"]
[SourceVersionDate "2019.10.17"]
[SourceQuality "1"]
[WhiteTeam "Aleppo"]
[BlackTeam "Sharjah"]
[WhiteTeamCountry "SYR"]
[BlackTeamCountry "UAE"]

1. d4 Nf6 2. Nc3 d5 3. Bg5 Nbd7 4. Qd3 e6 5. e4 dxe4 6. Nxe4 Be7 7. Nxf6+ Bxf6 8. Bxf6 Qxf6 9. Nf3 0-0 10. 0-0-0 Rd8 11. Qe4 Rb8 12. Bd3 g6 13. h4 b6 14. Bb5 Bb7 15. Bc6 Bxc6 16. Qxc6 Qf4+ 17. Rd2 Nf6 18. g3 Qd6 19. Ne5 Qd5 20. c4 Qe4 21. Qxe4 Nxe4 22. Re2 Rxd4 23. b3 f5 24. Nc6 Rbd8 25. Nxd8 Rxd8 26. Rc2 Kf7 27. Rd1 Rxd1+ 28. Kxd1 a5 29. Ke2 Kf6 30. Ke3 Ke7 31. Rc1 Nc5 32. f3 e5 33. Rd1 c6 34. Rb1 Kd6 35. Rb2 Ne6 36. Rd2+ Nd4 37. g4 Ke6 38. Rh2 c5 39. g5 f4+ 40. Kf2 Kf7 41. Rh1 Nf5 42. Rd1 Nd4 43. Kg2 Ke6 44. h5 Kf7 45. Re1 Nc6 46. hxg6+ hxg6 47. Kh3 Ke6 48. Kg4 Nb4 49. Re2 Nd3 50. Rd2 Nb4 51. Rh2 Nd3 52. Re2 Nb4 53. Rd2 Nc6 54. Rh2 Nb4 55. Rh6 Kf7 56. Rh7+ Kg8 57. Rb7 1-0

[Event "UAE President Cup 13th"]
[Site "Dubai"]
[Date "2007.01.21"]
[Round "4"]
[White "Salem, AR Saleh"]
[Black "Abdul, Majeed Mohamad"]
[Result "0-1"]
[WhiteElo "2171"]
[BlackElo "2274"]
[PlyCount "80"]
[EventDate "2007.01.18"]
[EventType "swiss"]
[EventRounds "9"]
[EventCountry "UAE"]
[SourceTitle "EXT 2018"]
[Source "ChessBase"]
[SourceDate "2017.10.13"]
[SourceVersion "1"]
[SourceVersionDate "2017.10.13"]
[SourceQuality "1"]

1. d4 Nf6 2. c4 d6 3. Nc3 Nbd7 4. g3 e5 5. Nf3 Be7 6. Bg2 0-0 7. 0-0 c6 8. e4 a6 9. a4 a5 10. b3 Re8 11. Re1 Bf8 12. Bb2 Qb6 13. Re3 Ng4 14. Rd3 exd4 15. Nxd4 Nc5 16. Rd2 Nf6 17. Qc2 g6 18. h3 Bg7 19. Kh2 Nfd7 20. Rad1 Na6 21. Na2 Ndc5 22. f4 Bd7 23. Nb5 Bxb2 24. Qxb2 cxb5 25. Rxd6 Qc7 26. cxb5 Nb4 27. Nxb4 axb4 28. b6 Qc8 29. Rc1 Be6 30. Qd4 Nxb3 31. Rxc8 Nxd4 32. Rxe8+ Rxe8 33. Rxd4 b3 34. e5 Rc8 35. Bxb7 Rc2+ 36. Bg2 b2 37. b7 b1Q 38. Rd8+ Kg7 39. b8Q Qxb8 40. Rxb8 Bd5 0-1

[Event "Dubai op 08th"]
[Site "Dubai"]
[Date "2006.04.28"]
[Round "6"]
[White "Abdul, Majeed Mohamad"]
[Black "Kulicov, Oleg Anatolie"]
[Result "0-1"]
[WhiteElo "2242"]
[BlackElo "2407"]
[PlyCount "98"]
[EventDate "2006.04.23"]
[EventType "swiss"]
[EventRounds "9"]
[EventCountry "UAE"]
[SourceTitle "EXT 2007"]
[Source "ChessBase"]
[SourceDate "2006.11.23"]
[SourceVersion "1"]
[SourceVersionDate "2006.11.23"]
[SourceQuality "1"]

1. e4 d5 2. exd5 Qxd5 3. Nc3 Qd6 4. d4 Nf6 5. Nf3 c6 6. Bc4 Bg4 7. Be3 Nbd7 8. h3 Bh5 9. g4 Bg6 10. Nh4 Nd5 11. Nxg6 hxg6 12. Qf3 e6 13. Bd2 Nxc3 14. Bxc3 Be7 15. 0-0-0 Bg5+ 16. Bd2 Bxd2+ 17. Rxd2 Nb6 18. Bb3 Nd5 19. Bxd5 Qxd5 20. Qxd5 cxd5 21. Rd3 g5 22. Re1 Ke7 23. Re5 f6 24. Ree3 Kd6 25. Rb3 b6 26. Ra3 Rhc8 27. Kd2 Rc4 28. Rad3 Rac8 29. c3 b5 30. a3 e5 31. Re1 a5 32. Rh1 R8c7 33. Rd1 b4 34. axb4 axb4 35. Ra1 exd4 36. cxb4 Rc2+ 37. Ke1 Rxb2 38. Rxd4 Rcc2 39. Rad1 Re2+ 40. Kf1 Rxf2+ 41. Kg1 Rg2+ 42. Kf1 Rh2 43. Rxd5+ Ke6 44. Rd6+ Kf7 45. Kg1 Rxh3 46. R6d4 Rhb3 47. b5 Rxb5 48. Rd7+ Kg6 49. Re7 R5b4 0-1

[Event "Olomouc Agentura 64 Cup"]
[Site "Olomouc"]
[Date "2005.08.07"]
[Round "7"]
[White "Abdul, Majeed Mohamad"]
[Black "Jurcik, Marian"]
[Result "0-1"]
[WhiteElo "2318"]
[BlackElo "2342"]
[PlyCount "72"]
[EventDate "2005.08.03"]
[EventType "tourn"]
[EventRounds "11"]
[EventCountry "CZE"]
[EventCategory "3"]
[SourceTitle "CBM 107 Extra"]
[Source "ChessBase"]
[SourceDate "2005.09.01"]
[SourceVersion "1"]
[SourceVersionDate "2005.09.01"]
[SourceQuality "1"]

1. e4 c5 2. Nf3 Nc6 3. Bb5 e6 4. Bxc6 bxc6 5. d3 d6 6. 0-0 e5 7. h3 Be7 8. c3 Nf6 9. Re1 0-0 10. d4 cxd4 11. cxd4 exd4 12. Nxd4 Qb6 13. Nc3 Re8 14. Nb3 Be6 15. Be3 Qb7 16. Re2 Bf8 17. Na5 Qa6 18. Qa4 Bd7 19. Bg5 Re5 20. Bxf6 Rxa5 21. Qd4 gxf6 22. Re3 Rg5 23. f4 Rg7 24. Rae1 Be7 25. Kh1 Qb6 26. Qd2 Rb8 27. b3 Kh8 28. R3e2 Rbg8 29. f5 Bc8 30. Qf4 Qd4 31. Nd1 Qe5 32. Qc1 Ba6 33. Rf2 d5 34. Qxc6 Bd6 35. g4 Bb4 36. Re3 d4 0-1

[Event "Olomouc Agentura 64 Cup"]
[Site "Olomouc"]
[Date "2005.??.??"]
[Round "10"]
[White "Chytilek, Roman"]
[Black "Abdul, Majeed Mohamad"]
[Result "1-0"]
[WhiteElo "2415"]
[BlackElo "2318"]
[PlyCount "59"]
[EventDate "2005.08.03"]
[EventType "tourn"]
[EventRounds "11"]
[EventCountry "CZE"]
[EventCategory "3"]
[SourceTitle "CBM 107 Extra"]
[Source "ChessBase"]
[SourceDate "2005.09.01"]
[SourceVersion "1"]
[SourceVersionDate "2005.09.01"]
[SourceQuality "1"]

1. e4 e6 2. d4 d5 3. Nc3 Nf6 4. Bg5 dxe4 5. Nxe4 Be7 6. Bxf6 Bxf6 7. Nf3 Nd7 8. Qd2 0-0 9. 0-0-0 b6 10. Bc4 Bb7 11. d5 b5 12. Bb3 c5 13. Nd6 Bxd5 14. Bxd5 exd5 15. Qxd5 Nb6 16. Qe4 Na4 17. Ne5 Qa5 18. f4 c4 19. c3 Nc5 20. Qd5 Bxe5 21. fxe5 Nd3+ 22. Rxd3 cxd3 23. Nxf7 Rxf7 24. Qxa8+ Rf8 25. Qd5+ Kh8 26. Rd1 Rd8 27. Qe4 Qxa2 28. Rxd3 Rf8 29. Rf3 Rd8 30. Qd4 1-0

[Event "Sharjah IM"]
[Site "Sharjah"]
[Date "2003.09.02"]
[Round "8"]
[White "Abdul, Majeed Mohamad"]
[Black "Vasilevich, Tatjana"]
[Result "1-0"]
[WhiteElo "2245"]
[BlackElo "2431"]
[PlyCount "107"]
[EventDate "2003.08.27"]
[EventType "tourn"]
[EventRounds "11"]
[EventCountry "UAE"]
[EventCategory "4"]
[SourceTitle "EXT 2004"]
[Source "ChessBase"]
[SourceDate "2003.11.25"]
[SourceVersion "1"]
[SourceVersionDate "2003.11.25"]
[SourceQuality "1"]

1. e4 c5 2. Nf3 e6 3. c3 d5 4. exd5 exd5 5. d4 Nf6 6. Bg5 c4 7. Be2 Be7 8. 0-0 0-0 9. Nbd2 Nc6 10. Ne5 h6 11. Bh4 Bf5 12. Re1 Re8 13. Bf3 Rc8 14. Nf1 Nxe5 15. Rxe5 Be6 16. h3 Qb6 17. Re2 Qc6 18. Qc2 Qd7 19. Ne3 g5 20. Bg3 h5 21. Ree1 g4 22. hxg4 hxg4 23. Be2 Ne4 24. Bf4 Bh4 25. g3 Bg5 26. Bxg5 Nxg5 27. Kg2 Kg7 28. Rh1 Rh8 29. Rxh8 Rxh8 30. Rh1 Rxh1 31. Kxh1 b5 32. a3 Ne4 33. Kg2 f5 34. Kf1 Qf7 35. Ng2 f4 36. Nxf4 Bf5 37. Qd1 Qd7 38. Kg2 Ng5 39. Qc1 Be4+ 40. Kf1 Qf5 41. Qe3 a6 42. Ng2 Nh3 43. Nh4 Qh5 44. f3 gxf3 45. Bxf3 Bxf3 46. Qxf3 Kh6 47. Qxh5+ Kxh5 48. Nf3 Ng5 49. Nxg5 Kxg5 50. Kf2 Kg4 51. Kg2 Kg5 52. Kf3 Kf5 53. g4+ Kg5 54. Kg3 1-0

[Event "Sharjah IM"]
[Site "Sharjah"]
[Date "2003.08.29"]
[Round "4"]
[White "Abdul, Majeed Mohamad"]
[Black "Rahman, Ziaur"]
[Result "1-0"]
[WhiteElo "2245"]
[BlackElo "2521"]
[PlyCount "101"]
[EventDate "2003.08.27"]
[EventType "tourn"]
[EventRounds "11"]
[EventCountry "UAE"]
[EventCategory "4"]
[SourceTitle "EXT 2004"]
[Source "ChessBase"]
[SourceDate "2003.11.25"]
[SourceVersion "1"]
[SourceVersionDate "2003.11.25"]
[SourceQuality "1"]

1. e4 e6 2. d4 d5 3. Nc3 Bb4 4. e5 c5 5. Bd2 Ne7 6. dxc5 Nd7 7. Qg4 Bxc5 8. Qxg7 Ng6 9. Bb5 a6 10. Bxd7+ Bxd7 11. 0-0-0 Qc7 12. f4 Bf8 13. Qf6 Be7 14. Qg7 h6 15. f5 Qxe5 16. Qxe5 Nxe5 17. Re1 Bd6 18. Nh3 0-0-0 19. Bf4 f6 20. Bg3 exf5 21. Nxd5 Bc6 22. Nhf4 Ng4 23. Ne7+ Bxe7 24. Rxe7 Rhe8 25. Rhe1 Be4 26. Rxe8 Rxe8 27. h3 Ne5 28. Bh4 Nd7 29. Re3 Rg8 30. Rg3 Rxg3 31. Bxg3 Kd8 32. Kd2 Ke7 33. c4 a5 34. Bf2 Bb1 35. a3 Ne5 36. Kc3 a4 37. Be3 Kd6 38. Kb4 Bc2 39. Kb5 Bb3 40. c5+ Kc7 41. Nh5 Nd3 42. Nxf6 Nxb2 43. Bxh6 Bc4+ 44. Kb4 Bf1 45. Nd5+ Kd7 46. Ne3 Ba6 47. Nxf5 Ke6 48. Ne3 Nd3+ 49. Kxa4 Nxc5+ 50. Kb4 Ne4 51. Bf4 1-0

[Event "Dubai op 5th"]
[Site "Dubai"]
[Date "2003.04.20"]
[Round "1"]
[White "Abdul, Majeed Mohamad"]
[Black "Gashimov, Vugar"]
[Result "0-1"]
[WhiteElo "2270"]
[BlackElo "2579"]
[PlyCount "34"]
[EventDate "2003.04.20"]
[EventType "swiss"]
[EventRounds "9"]
[EventCountry "UAE"]
[SourceTitle "CBM 093 Extra"]
[Source "ChessBase"]
[SourceDate "2003.05.09"]
[SourceVersion "1"]
[SourceVersionDate "2003.05.09"]
[SourceQuality "1"]

1. e4 c5 2. d3 d5 3. Nd2 Nc6 4. g3 e5 5. Bg2 Nge7 6. Ngf3 d4 7. 0-0 Ng6 8. a4 h5 9. h4 Bg4 10. Nc4 Be7 11. Qd2 Qd7 12. Na5 Rc8 13. Nh2 Bh3 14. Bxh3 Qxh3 15. Nxb7 c4 16. Qe1 Qd7 17. Na5 Bb4 0-1

[Event "Olympiad-35"]
[Site "Bled"]
[Date "2002.11.07"]
[Round "12.2"]
[White "Abdul, Majeed Mohamad"]
[Black "Simonet Pons, Marc"]
[Result "1-0"]
[WhiteElo "2259"]
[BlackElo "2304"]
[PlyCount "87"]
[EventDate "2002.10.26"]
[EventType "team-swiss"]
[EventRounds "14"]
[EventCountry "SLO"]
[SourceTitle "EXT 2003"]
[Source "ChessBase"]
[SourceDate "2002.11.25"]
[SourceVersion "1"]
[SourceVersionDate "2002.11.25"]
[SourceQuality "1"]
[WhiteTeam "United Arab Emirates"]
[BlackTeam "Andorra"]
[WhiteTeamCountry "UAE"]
[BlackTeamCountry "AND"]

1. e4 c5 2. d3 Nc6 3. g3 e5 4. Bg2 g6 5. Nc3 Bg7 6. f4 d6 7. Nf3 Nge7 8. 0-0 exf4 9. Bxf4 0-0 10. Qd2 Be6 11. Bh6 Qd7 12. Bxg7 Kxg7 13. Ne2 f6 14. Nf4 Ne5 15. b3 Rae8 16. Rae1 Bg4 17. c3 Bxf3 18. Bxf3 d5 19. d4 cxd4 20. Qxd4 N7c6 21. Qxd5 Nxf3+ 22. Rxf3 Qg4 23. Rfe3 g5 24. Nd3 Qc8 25. Qf5 Ne5 26. Qxc8 Rxc8 27. Nxe5 fxe5 28. Rd1 Rf7 29. Rd5 Re8 30. c4 Re6 31. b4 Ref6 32. Re2 Rf1+ 33. Kg2 Rc1 34. Rxe5 Kg6 35. c5 g4 36. Rd5 Rc4 37. Rd6+ Kg7 38. a3 Rc3 39. e5 Rxa3 40. b5 Rb3 41. c6 Rxb5 42. e6 Re7 43. Rd7 Kf8 44. Rf2+ 1-0